00678nam a2200205 a 450000100060000000300090000600800410001502000150005604000280007108200160009910000240011524500210013926000470016030000110020759000490021865000250026794200120029299900170030495201510032118083CO-ViMGA141112s2004 ck r 000 u spa d a8476391498 aCO-ViMGAbspacCO-ViMGA04a833.8 R454r1 aRilke, Rainer Maria10aRelatos de Praga aBarcelona (España), cMontesinos, c1999 a125.p. aForma de adquisición : Premio - Mincultura14aNOVELA ALEMANA92669 2ddccBK c27459d27459 00102ddc40708003aMEVIECARbMEVIECARd2015-12-04hVolumen. 1 | 11/jun/2009l0o833.8 R454r p18083r2015-12-04 00:00:00tEj. 1w2015-12-04yBK